LIBRARY & INFORMATION CENTRE, KCAET, TAVANUR

ONLINE PUBLIC ACCESS CATALOGUE (OPAC)

Normal view MARC view
  • Tandon, R K .

Entry Personal Name

Number of records used in: 1

001 - CONTROL NUMBER

  • control field: 4613

003 - CONTROL NUMBER IDENTIFIER

  • control field: OSt

005 - DATE AND TIME OF LATEST TRANSACTION

  • control field: 20200619113420.0

008 - FIXED-LENGTH DATA ELEMENTS

  • fixed length control field: 200619|| aca||aabn | a|a d

040 ## - CATALOGING SOURCE

  • Original cataloging agency: OSt
  • Transcribing agency: OSt

100 ## - HEADING--PERSONAL NAME

  • Personal name: Tandon, R K .

670 ## - SOURCE DATA FOUND

  • Source citation: Work cat.: (OSt)7363: Tandon, R K ., Principles & methods of farm management / , 1964.
free website counter